Tax burden of the work

Na minha lista:
Detalhes bibliográficos
Autor principal: Simonidesová, Jana, 1968-
Formato: Capítulo de Livro
Idioma:inglês
Tags: Adicionar Tag
Sem tags, seja o primeiro a adicionar uma tag!

MARC

LEADER 00000nla a2200000 4500
001 0221078
005 20240709085424.9
041 0 |a eng 
044 |a SK 
245 1 0 |a Tax burden of the work  |c Jana Simonidesová 
500 |a Abstrakt 
100 1 |a Simonidesová, Jana, 1968-